Manchester United 2022/2023 - Statistics

General Stats
  • This quiz has been taken 81 times
  • The average score is 17 of 32
Answer Stats
Hint Answer % Correct
GK De gea
99%
DEF Maguire
86%
ATT Rashford
86%
DEF Shaw
86%
DEF Martinez
81%
DEF Dalot
77%
ATT Martial
73%
DEF Varane
73%
DEF Wan Bissaka
73%
DEF Lindelof
71%
MID Fred
70%
MID Fernandes
69%
MID Mctominay
69%
ATT Sancho
64%
GK Heaton
63%
DEF Malacia
63%
MID Eriksen
61%
ATT Ronaldo
57%
ATT Garnacho
54%
ATT Elanga
44%
DEF Bailly
43%
DEF Telles
39%
MID Van De Beek
34%
ATT Diallo
26%
ATT Pellistri
24%
ATT Chong
17%
MID Iqbal
16%
MID Savage
11%
MID Hannibal
10%
DEF Laird
10%
DEF Fish
7%
MID Garner
7%
No matching quizzes found
Score Distribution
Percent of People with Each Score
Percentile by Number Answered
Your Score History
You have not taken this quiz